000 00559nam a2200181 i 4500
001 28141
003 ES-MaACL
005 20230906153756.0
007 t|
008 030116s1974 ag ||||1| spa d
100 1 _aBachelard, Gaston.
_924466
245 1 3 _aLa formación del espíritu científico /
_cpor Gaston Bachelard ; Traducción de José Balbini].
250 _a[3ª ed.].
260 _aBuenos Aires :
_bSiglo Veintiuno Argentina,
_c[1974]
300 _a302 p. ;
_c20 cm.
700 1 _aBalbini, José.
_924848
852 _aES-MaACL
_jE-5651
_bR.89873
999 _c28141
_d28141